000 00906nam a22002537a 4500
001 40569
003 UA-OsUOA
005 20230814105318.0
007 ta
008 20060811b un ||||| |||| 00| 0 ukr d
020 _a9665183176
040 _aUA-OsUOA
_bukr
_cUA-OsUOA
_dUA-OsUOA
041 _aukr
080 _a821.161.2
090 _a821.161.2
_bП45
245 _aПоезія Ліни Костенко в часах перехідних і вічних
_bматеріали круглого столу 18 березня 2005
_cред.-упоряд. Т. В. Шаповаленко
260 _aК.
_bКМА
_c2005
300 _a105 с.
_bіл.
650 7 _a82 Література. Літературознавство
_2UDC
700 1 _aШаповаленко Т. В.
_eред.
942 _cBK
_2udc
955 _a2
999 _c326694
_d326694